00582nam a22001697a 450000500170000001000130001702000260003003500110005603700130006708200080008010000400008824500640012824600530019226000520024527000920029730000230038920201015160202.0 aUR-10891 c250.00a9789389733693 aU-9446 bDBAD/PUB a841 aسا جد حسين ا نصا ری  aا نتخا ب ظفر cسا جد حسين ا نصا ری  bIntekhab-e-Zafar (Urdu)aby Sajid Husain Ansari  aN.Delhi bEducational Publishing Housec2020 ء aH.O.D1/16,Ansari Road,Darya ganj,bN.Delhie110002k45678285,23216162l0091-11-23211540 a186 ص c22 Cm(Hb)